Animal Crossing - Personnages spéciaux #3 - Statistiques

Statistiques générales
  • Ce quiz a été pris 16 fois
  • Le résultat moyen est 9 sur 16
Statistiques - réponses
Par images Réponse % Correct
Méli et Mélo
100%
Blaise
86%
Racine
79%
Joe
71%
Lionel
64%
Rodolphe
64%
Rodrigue
64%
Porcelette
57%
Serge
57%
Dindou
50%
Lou
50%
Pollux
50%
Hélium
43%
Gratien
36%
Maret
36%
Corbac
29%
Aucun quiz correspondant
Distribution des résultats
% des personnes avec chaque résultat
Percentile par nombre de réponses
Votre historique - résultats
Vous n’avez pas pris ce quiz